| 000 | 00850cam a2200277 a 4500 | ||
|---|---|---|---|
| 001 | 21326 | ||
| 003 | BD-RjUL | ||
| 005 | 20211209000655.0 | ||
| 008 | 140303s1965 enk b 000 1 eng | ||
| 035 | _a66-00385 | ||
| 035 |
_a(OCoLC)863382461 _a(BD-RjUL)21390 |
||
| 040 |
_aCU-S _cDZM _dm.c _dBD-RjUL _beng |
||
| 041 | _aeng | ||
| 082 | 0 | 4 |
_a821.7 _bCOC 1965 |
| 100 | 1 |
_aColeridge, Samuel Taylor, _d1772-1834. _965932 |
|
| 245 | 1 | 0 |
_aColeridge : _bselected poems / _cChosen and edited by John Colmer |
| 260 |
_aOxford University Press : _bLondon, _c1965. |
||
| 300 |
_av, 218 p. ; _c19 cm. |
||
| 490 | 0 | _aNew Oxford English series | |
| 504 | _aBibliogaphy: p. [50]-51 | ||
| 600 | 1 |
_a Coleridge, Samuel Taylor, -- 1772-1834. _965939 |
|
| 700 | 1 |
_aColmer, John. _965934 |
|
| 740 | 0 | _aSelected poems | |
| 942 |
_2ddc _cBK |
||
| 999 |
_c21326 _d21326 |
||